Balanç del programa de l'Àrea d'Educació : 2004 - 2007 2004 - 2007
Descripción Física:
106 p. : il. col. ; 29 cm
MARC
| LEADER | 00000nam a2200000Ia 4500 | ||
|---|---|---|---|
| 001 | 20947 | ||
| 008 | 160829s2007 xx 000 0 cat d | ||
| 080 | |a E-1-315 | ||
| 245 | |a Balanç del programa de l'Àrea d'Educació : |b 2004 - 2007 | ||
| 260 | |a Barcelona : |b Diputació de Barcelona. Àrea d'Educació, |c 2007 | ||
| 300 | |a 106 p. : |b il. col. ; |c 29 cm | ||
| 610 | 0 | |a Barcelona (Catalunya : Província). |b Àrea d'Educació |9 8009 | |
| 651 | 0 | |a Barcelona (Catalunya : Província) |x Política educativa |9 53806 | |
| 710 | |a Barcelona (Catalunya : Província). |b Àrea d'Educació |9 8009 | ||
| 901 | |a Arxiu | ||
| 942 | |n 1 | ||
| 952 | |0 0 |1 0 |4 0 |6 E1315 |7 1 |9 50618 |a Arxiu |b Arxiu |d 2016-12-01 |l 0 |o E-1-315 |p 20947 |r 2016-12-01 00:00:00 |w 2016-12-01 |y ARXIU | ||
| 999 | |c 54460 |d 54460 | ||